Schnelles Mathe-Quiz, nur ein kurzes Quiz 13 - Statistiken

Allgemein
  • Dieses Quiz wurde 79 mal gespielt
  • Das Durchschnittsergebnis liegt bei 13 aus 15
Antwortstatistiken
Hint Antwort % Korrekt
445 + 56 = 501
99%
76 + 79 = 155
97%
144 : 12 = 12
96%
480 - 139 = 341
96%
4 x 14 = 56
96%
188 - 99 = 89
96%
96 + 79 = 175
93%
89 x 5 = 445
93%
500 : 4 = 125
92%
13 x 13 = 169
88%
66 x 6 = 396
88%
765 - 489 = 276
81%
675 - 189 = 486
79%
276 : 4 = 69
79%
696 : 4 = 174
71%
Keine übereinstimmenden Quizze gefunden
Verteilung der Resultate
Anzahl Personen mit jedem Resultat
Perzentil nach korrekt beantworteten Fragen
Ihre Resultats-Entwicklung
Sie haben dieses Quiz noch nicht gespielt